| 000 | 01136cam a22003137a 4500 | ||
|---|---|---|---|
| 003 | CHAP | ||
| 005 | 20220329142437.0 | ||
| 008 | 010220d1991 nb ob r 00110 eng d | ||
| 010 | _a83572 | ||
| 011 | _a84544 | ||
| 035 | _a95065 | ||
| 040 | _cCHAP | ||
| 082 | 0 | 4 |
_a636.08 _bI51 |
| 245 | 1 | 0 |
_aILRAD 1990 : _bannual report of the international laboratory for research on animal diseases _c/by International Laboratory for Research on Animal Diseases. |
| 260 |
_aNairobi : _bInternational Laboratory for Research on Animal Diseases, _c1991. |
||
| 300 |
_a110 p. : _bfots.; mapas. |
||
| 590 |
_aBATCH-UPD _b10 _c20130110 _lUCH01 _h1414 |
||
| 590 |
_aBATCH-UPD _b10 _c20130410 _lUCH01 _h0859 |
||
| 590 |
_aBATCH-UPD _b10 _c20130914 _lUCH01 _h1308 |
||
| 590 |
_aCONVERSION _b10 _c20130109 _lUCH01 _h1346 |
||
| 650 | 1 | 4 |
_aEnfermedades infecciosas en animales. _936936 |
| 650 | 1 | 4 |
_aEnfermedades por virus. _936940 |
| 650 | 1 | 4 |
_aGanado vacuno _xEnfermedades. _945460 |
| 650 | 1 | 4 |
_aPatologĂa veterinaria. _986194 |
| 901 | _aBK | ||
| 905 | _aEdna Luz | ||
| 942 | _cLIBRO | ||
| 949 |
_a636.08 I51 _bBC _cLIBRO _d33724000816195 _eLIBRO _h99755 _i95065 _sb |
||
| 999 |
_c83572 _d83572 |
||